Southville International School and Colleges
Your cart is empty.
  • Cart
  • Lists
    Public lists Eva Luna New books Lux_list list_1
    Your lists Log in to create your own lists
  • Log in to your account
  • Your cookies
  • Search history
Southville International School and Colleges
  • Advanced search
  • Recent comments
  • Most popular
  • Libraries

Log in to your account

Log in with GOOGLE


If you do not have an external account, but do have a local account, you can still log in:

  1. Home
  2. MARC view: Sleepless in Manila :
Normal view MARC view ISBD view

Sleepless in Manila : (Record no. 20724)

[ view plain ]
MARC details
000 -LEADER
fixed length control field 00630nam a2200193 a 4500
005 - DATE AND TIME OF LATEST TRANSACTION
control field 20140310183248.0
008 - FIXED-LENGTH DATA ELEMENTS--GENERAL INFORMATION
fixed length control field 040913s19uu xx 00 eng d
020 ## - INTERNATIONAL STANDARD BOOK NUMBER
International Standard Book Number 971-828-024-3
050 ## - LIBRARY OF CONGRESS CALL NUMBER
Classification number PL 5539
Item number .Sl25 2003
245 ## - TITLE STATEMENT
Title Sleepless in Manila :
Remainder of title funny essays, etc. on insomia by insomiacs /
260 ## - PUBLICATION, DISTRIBUTION, ETC. (IMPRINT)
Place of publication, distribution, etc Quezon City :
Name of publisher, distributor, etc Milflores Publishing, Inc,
Date of publication, distribution, etc 2003.
300 ## - PHYSICAL DESCRIPTION
Extent 134 p. :
Other physical details ill. ;
Dimensions 22 cm.
650 ## - SUBJECT ADDED ENTRY--TOPICAL TERM
Topical term or geographic name as entry element Insomia
General subdivision literary collections.
650 ## - SUBJECT ADDED ENTRY--TOPICAL TERM
Topical term or geographic name as entry element Night
General subdivision literary collections.
650 ## - SUBJECT ADDED ENTRY--TOPICAL TERM
Topical term or geographic name as entry element Sleep
General subdivision literary collections.
650 ## - SUBJECT ADDED ENTRY--TOPICAL TERM
Topical term or geographic name as entry element Prose literature
General subdivision 20th century.
942 ## - ADDED ENTRY ELEMENTS (KOHA)
Koha item type Books
Source of classification or shelving scheme Library of Congress Classification
Call number prefix Rare Filipiniana
Holdings
Withdrawn status Lost status Source of classification or shelving scheme Damaged status Home library Current library Shelving location Date acquired Source of acquisition Cost, normal purchase price Total Checkouts Total Renewals Full call number Barcode Date last seen Date checked out Copy number Price effective from Koha item type
    Library of Congress Classification   College Library College Library Filipiniana Section 09/13/2004   370.00 2 1 PL 5539 .Sl25 2003 C5255 05/08/2018 09/10/2014 1 10/10/2013 Books

Sleepless in Manila :

APA

(2003). Sleepless in Manila. Quezon City: Milflores Publishing, Inc.

Chicago

2003. Sleepless in Manila. Quezon City: Milflores Publishing, Inc.

Harvard

(2003). Sleepless in Manila. Quezon City: Milflores Publishing, Inc.

MLA

Sleepless in Manila. Quezon City: Milflores Publishing, Inc. 2003.

  • Place hold
  • Print
  • Cite
  • Add to your cart (remove)
  • Save record
    BIBTEX Dublin Core MARCXML MARC (non-Unicode/MARC-8) MARC (Unicode/UTF-8) MARC (Unicode/UTF-8, Standard) MODS (XML) RIS
  • More searches
    Search for this title in:
    Other Libraries (WorldCat) Other Databases (Google Scholar) Online Stores (Bookfinder.com) Open Library (openlibrary.org)

Exporting to Dublin Core...

SOUTHVILLE LIBRARY

Southville International School and Colleges Library

1281 Tropical Ave. Cor. Luxembourg St., BF Homes International, Las Pinas City

Tel. No. 8256374 / 252358 Loc. 117/146

Powered by Koha